|
|
|
|
| LEADER |
00000cam a22000004a 4500 |
| 001 |
musev2_74019 |
| 003 |
MdBmJHUP |
| 005 |
20230905051648.0 |
| 006 |
m o d |
| 007 |
cr||||||||nn|n |
| 008 |
190729t20202020nyu o 00 0 eng d |
| 010 |
|
|
|z 2019032686
|
| 020 |
|
|
|a 9781501748677
|
| 020 |
|
|
|z 9781501748660
|
| 020 |
|
|
|z 9781501748653
|
| 035 |
|
|
|a (OCoLC)1111637322
|
| 040 |
|
|
|a MdBmJHUP
|c MdBmJHUP
|
| 100 |
1 |
|
|a Scott-Smith, Tom,
|d 1980-
|e author.
|
| 245 |
1 |
0 |
|a On an Empty Stomach :
|b Two Hundred Years of Hunger Relief /
|c Tom Scott-Smith.
|
| 264 |
|
1 |
|a Ithaca :
|b Cornell University Press,
|c 2020.
|
| 264 |
|
3 |
|a Baltimore, Md. :
|b Project MUSE,
|c 2020
|
| 264 |
|
4 |
|c ©2020.
|
| 300 |
|
|
|a 1 online resource (288 pages).
|
| 336 |
|
|
|a text
|b txt
|2 rdacontent
|
| 337 |
|
|
|a computer
|b c
|2 rdamedia
|
| 338 |
|
|
|a online resource
|b cr
|2 rdacarrier
|
| 505 |
0 |
|
|a Introduction : humanitarian approaches to hunger -- From the classical soup kitchen to the Irish famine -- Justus Liebig and the rise of nutritional science -- Governing the diet in Victorian institutions -- Colonialism and communal strength -- Social nutrition at the League of Nations -- Military feeding during World War Two -- The medicalization of hunger and the postwar period -- High modernism and the development decade -- Low modernism after Biafra -- Small-scale devices and the low modernist legacy -- Conclusion : on an empty stomach.
|
| 520 |
|
|
|a "This book examines the practical techniques humanitarians have used to manage and measure starvation, from Victorian soup kitchens to space-age, high-protein foods. Tracing the evolution of these techniques since the start of the nineteenth century, the book argues that humanitarianism is not a simple story of progress and improvement, but is profoundly shaped by sociopolitical conditions"--
|c Provided by publisher
|
| 588 |
|
|
|a Description based on print version record.
|
| 650 |
|
7 |
|a Starvation.
|2 fast
|0 (OCoLC)fst01131740
|
| 650 |
|
7 |
|a Nutrition
|x Research.
|2 fast
|0 (OCoLC)fst01042241
|
| 650 |
|
7 |
|a Humanitarian assistance.
|2 fast
|0 (OCoLC)fst00963553
|
| 650 |
|
7 |
|a Food relief.
|2 fast
|0 (OCoLC)fst00931031
|
| 650 |
|
7 |
|a Emergency mass feeding.
|2 fast
|0 (OCoLC)fst00908535
|
| 650 |
|
7 |
|a POLITICAL SCIENCE
|x Public Policy
|x Agriculture & Food Policy (see also SOCIAL SCIENCE
|x Agriculture & Food) .
|2 bisacsh
|
| 650 |
|
6 |
|a Nutrition
|x Recherche
|x Histoire.
|
| 650 |
|
6 |
|a Alimentation collective d'urgence
|x Histoire.
|
| 650 |
|
6 |
|a Inanition
|x Histoire.
|
| 650 |
|
6 |
|a Aide humanitaire
|x Histoire.
|
| 650 |
|
6 |
|a Aide alimentaire
|x Histoire.
|
| 650 |
|
0 |
|a Nutrition
|x Research
|x History.
|
| 650 |
|
0 |
|a Emergency mass feeding
|x History.
|
| 650 |
|
0 |
|a Starvation
|x History.
|
| 650 |
|
0 |
|a Humanitarian assistance
|x History.
|
| 650 |
|
0 |
|a Food relief
|x History.
|
| 655 |
|
7 |
|a History.
|2 fast
|0 (OCoLC)fst01411628
|
| 655 |
|
7 |
|a Electronic books.
|2 local
|
| 710 |
2 |
|
|a Project Muse.
|e distributor
|
| 830 |
|
0 |
|a Book collections on Project MUSE.
|
| 856 |
4 |
0 |
|z Texto completo
|u https://projectmuse.uam.elogim.com/book/74019/
|
| 945 |
|
|
|a Project MUSE - Custom Collection
|
| 945 |
|
|
|a Project MUSE - 2020 Complete
|
| 945 |
|
|
|a Project MUSE - 2020 History
|